| 000 | 00626nam a2200193Ia 4500 | ||
|---|---|---|---|
| 003 | IN-BaIIA | ||
| 008 | 211028s9999 xx 000 0 eng d | ||
| 020 | _a978-3-540-22190-6 | ||
| 040 | _cIIA Library | ||
| 080 |
_a629.76 _bTUR |
||
| 100 |
_aTurner, Martin J. L _929187 |
||
| 245 | 0 |
_aRocket and spacecraft propulsion _bprinciples, practice and new developments _cMartin J. L. Turner |
|
| 250 | _a2nd ed. | ||
| 260 |
_aNew York _bSpringer _c2005 |
||
| 300 | _axxii, 313p. | ||
| 490 | _aSpringer-Praxis books in astronautical engineering | ||
| 650 |
_aRocketry _929188 |
||
| 942 | _cBK | ||
| 999 |
_c15842 _d15842 |
||